R.I.S.E. : ricerche italiane e scavi in Egitto

محفوظ في:

مؤلف مشترك: Centro archeologico italiano, Il Cairo

مؤلفون آخرون: Casini, Maria

التنسيق: كتاب

اللغة: Italian

الوسوم: إضافة وسم

لا توجد وسوم, كن أول من يضع وسما على هذه التسجيلة!

رقم الطلب: (J)DT57 .I82

LEADER 00523nam a22001817a 4500
003 OSt
005 20251020055907.0
008 251020b2002 ua fao|| |||| 00| 0 ita d
050 1 4 |a (J)DT57  |b .I82 
245 |a R.I.S.E. :   |b ricerche italiane e scavi in Egitto 
264 |a Cairo :   |b  Centro archeologico italiano,   |c 2002 
300 |a vols :   |b ills;  
500 |a Abstract in inglese e arabo 
700 |a Casini, Maria 
710 |a Centro archeologico italiano, Il Cairo, 
901 |a reviewed 
942 |2 lcc  |c JL 
999 |c 55006  |d 55006